Flores silvestres

Salvato in:
Dettagli Bibliografici
Autore principale: Tarsky, Sue (Autore)
Natura: Libro
Lingua:spagnolo
Pubblicazione: Madrid Plesa 1977
Edizione:5a. ed
Serie:La Senda de la Naturaleza
Soggetti:
Tags: Aggiungi Tag
Nessun Tag, puoi essere il primo ad aggiungerne!!

MARC

LEADER 00000nam a2200000 a 4500
001 UCH7166
003 CL-VaPUC
008 091109e19770000SP |||||||||||||||||spa|d
020 |a 8473740246 
082 0 4 |a 581  |b TAR  |2 21 
100 0 |a Tarsky, Sue  |e author  |9 543593 
245 1 0 |a Flores silvestres 
250 |a 5a. ed 
300 |a 39 p 
942 |c BK 
945 |d 20091109 00:00:00  |a ccalabra 
260 |a Madrid  |b Plesa  |c 1977 
650 0 |a Ciencias naturales  |9 260542 
650 0 |a Botánica  |9 264202 
650 0 |a Flora y fauna  |9 338564 
650 0 |a Ciencias de la vida  |9 314137 
650 0 |a Biología  |9 262022 
583 |a last modification  |c 20091109 00:00:00  |k Rodrigo Vera 
490 0 |a La Senda de la Naturaleza 
999 |c 337849  |d 337847